000 00729nam a2200229 a 4500
001 13630
003 BD-JhCC
005 20240312111920.0
008 240312b20182023b |||| ||a| 001 0 b d
020 _a978984900781757
035 _a(BD-JhCC)13630
040 _aBD-JhCC
_dBD-JhCC
041 _abengali
082 _a891.443
_bCHA 2023
100 _aচট্টোপাধ্যায়, শরৎচন্দ্র
245 _aচরিত্রহীন /
_b শরৎচন্দ্র চট্টোপাধ্যায়,
260 _aঢাকা:
_bসুচয়নী পাবলিশার্স;
_c2023.
300 _a286 p. :
_c22 cm.
650 _aBengali Novel
942 _2ddc
_cBK
999 _c13630
_d13630